Mecánica de materiales
Sparad:
| Huvudupphovsman: | |
|---|---|
| Materialtyp: | Bok |
| Språk: | spanska |
| Publicerad: |
Ciudad de México
Centro Regional de Ayuda Técnica
1971
|
| Ämnen: | |
| Taggar: |
Lägg till en tagg
Inga taggar, Lägg till första taggen!
|
MARC
| LEADER | 00000nam a2200000 a 4500 | ||
|---|---|---|---|
| 001 | UCV4303 | ||
| 003 | CL-VaPUC | ||
| 008 | 910522e19710000MX |||||||||||||||||spa|d | ||
| 082 | 0 | 4 | |a 620.1123 |b SHA |2 21 |
| 100 | 0 | |a Shanley, Francis Reynolds |e author |9 298628 | |
| 245 | 1 | 0 | |a Mecánica de materiales |
| 300 | |a 471 p | ||
| 942 | |c BK | ||
| 945 | |d 19910522 00:00:00 | ||
| 260 | |a Ciudad de México |b Centro Regional de Ayuda Técnica |c 1971 | ||
| 650 | 0 | |a Resistencia de materiales |9 260095 | |
| 583 | |a last modification |c 19910522 00:00:00 |k Rodrigo Vera | ||
| 999 | |c 211214 |d 211212 | ||
| 952 | |0 0 |1 0 |4 0 |6 620_112300000000000_SHA_1971 |7 0 |8 A |9 189670 |a BIBING |b BIBING |d 2019-11-14 |i 4096797 |l 2 |o 620.1123 SHA 1971 |p 4096797 |r 2025-01-20 |s 2021-06-01 |w 2019-11-14 |y BK |k ING | ||